[Event "Barcelona Primavera La Lira op 6th"]
[Site "Barcelona"]
[Date "2013.05.02"]
[Round "4"]
[White "Escudero Sebastian, Adam"]
[Black "De la Fuente Clemente, Constantin"]
[Result "1-0"]
[WhiteElo "1822"]
[BlackElo "1875"]
[PlyCount "71"]
[EventDate "2013.04.11"]
[EventType "swiss"]
[EventRounds "9"]
[EventCountry "ESP"]
[SourceTitle "CBM 154 Extra"]
[Source "ChessBase"]
[SourceDate "2013.06.25"]
[SourceVersion "2"]
[SourceVersionDate "2013.06.25"]
[SourceQuality "1"]

1. e4 e5 2. Nf3 Nf6 3. Nxe5 d6 4. Nf3 Nxe4 5. d4 d5 6. Bd3 Nc6 7. 0-0 Bg4 8. Re1 f5 9. h3 Bh5 10. g4 Bg6 11. Ng5 Qd6 12. gxf5 Bxf5 13. Bxe4 dxe4 14. Nxe4 Qg6+ 15. Ng3+ Be7 16. d5 0-0-0 17. Nc3 Bd6 18. dxc6 Bxg3 19. cxb7+ Kb8 20. Qf3 Bh4+ 21. Qg2 Qf7 22. Be3 Rhf8 23. Nb5 Bxf2+ 24. Bxf2 Rd5 25. c4 Rxb5 26. cxb5 Bd7 27. Re3 Bxb5 28. Rae1 Qc4 29. Bg3 Bc6 30. Qe2 Qd5 31. Kh2 Bb5 32. Qc2 Rf7 33. Re7 Rxe7 34. Rxe7 Bc6 35. Bxc7+ Kxb7 36. Qb3+ 1-0

[Event "Martorell op-A"]
[Site "Martorell"]
[Date "1997.??.??"]
[Round "8"]
[White "Brugarolas Manzaneque, Carlos"]
[Black "Escudero Sebastian, Adam"]
[Result "0-1"]
[WhiteElo "2185"]
[BlackElo "2055"]
[PlyCount "102"]
[EventDate "1997.09.??"]
[EventType "swiss"]
[EventRounds "9"]
[EventCountry "ESP"]
[SourceTitle "EXT 2003"]
[Source "ChessBase"]
[SourceDate "2002.11.25"]
[SourceVersion "1"]
[SourceVersionDate "2002.11.25"]
[SourceQuality "1"]

1. e4 c5 2. Nc3 d6 3. g3 g6 4. Bg2 Bg7 5. d3 Nc6 6. Be3 Nf6 7. h3 Bd7 8. Qd2 Qb6 9. Nge2 Nd4 10. Rb1 e5 11. f4 Bh6 12. 0-0 Nh5 13. g4 Nxe2+ 14. Nxe2 Nxf4 15. Nxf4 exf4 16. Bxf4 Bg7 17. c3 h5 18. g5 Be6 19. b3 0-0 20. Be3 Qc7 21. d4 Rad8 22. Qf2 b6 23. Qg3 Qe7 24. Rbd1 Bc8 25. Bf4 Rfe8 26. Rfe1 Qc7 27. Kh1 cxd4 28. cxd4 Bb7 29. Kh2 Bf8 30. Rc1 Qd7 31. h4 Bc8 32. Rc2 Bg7 33. Rd2 Bf8 34. Rc1 Qb5 35. Rc7 Rd7 36. Rdc2 Rxc7 37. Rxc7 Qe2 38. Qf3 Qxf3 39. Bxf3 a6 40. e5 dxe5 41. Bxe5 Be6 42. Kg3 Rd8 43. Kf4 Bb4 44. Ke3 Be1 45. d5 Bf5 46. Rc4 Re8 47. d6 Rxe5+ 48. Kd4 Re8 49. Rc7 Be6 50. Bc6 Rd8 51. d7 Bxh4 0-1

[Event "Martorell op-A"]
[Site "Martorell"]
[Date "1997.??.??"]
[Round "2"]
[White "Espasa Gonzalez, Jaume"]
[Black "Escudero Sebastian, Adam"]
[Result "0-1"]
[WhiteElo "2000"]
[BlackElo "2055"]
[PlyCount "51"]
[EventDate "1997.09.??"]
[EventType "swiss"]
[EventRounds "9"]
[EventCountry "ESP"]
[SourceTitle "EXT 2003"]
[Source "ChessBase"]
[SourceDate "2002.11.25"]
[SourceVersion "1"]
[SourceVersionDate "2002.11.25"]
[SourceQuality "1"]

1. Nf3 d5 2. d4 Nf6 3. g3 Bf5 4. Bg2 e6 5. 0-0 c5 6. Nh4 Bg6 7. Nxg6 hxg6 8. dxc5 Bxc5 9. c4 Nc6 10. cxd5 Nxd5 11. a3 Qe7 12. e3 Rd8 13. Qb3 Nf6 14. Rd1 Rxd1+ 15. Qxd1 0-0 16. Nc3 Rd8 17. Qc2 Qd7 18. b4 Be7 19. Bb2 Qd2 20. Qb3 Ng4 21. Rf1 Bf6 22. h3 Nxe3 23. fxe3 Qxe3+ 24. Kh2 Rd2 25. Bc1 Be5 26. Ne2 0-1

[Event "Martorell op-A"]
[Site "Martorell"]
[Date "1997.??.??"]
[Round "5"]
[White "Termes Canals, Jordi"]
[Black "Escudero Sebastian, Adam"]
[Result "1/2-1/2"]
[WhiteElo "2000"]
[BlackElo "2055"]
[PlyCount "72"]
[EventDate "1997.09.??"]
[EventType "swiss"]
[EventRounds "9"]
[EventCountry "ESP"]
[SourceTitle "EXT 2003"]
[Source "ChessBase"]
[SourceDate "2002.11.25"]
[SourceVersion "1"]
[SourceVersionDate "2002.11.25"]
[SourceQuality "1"]

1. d4 d5 2. c4 c6 3. Nc3 e5 4. e4 dxe4 5. dxe5 Qa5 6. Bf4 Bb4 7. Rc1 Qxa2 8. Bd2 Qa5 9. Nxe4 Bxd2+ 10. Qxd2 Qxe5 11. Qe3 Ne7 12. b4 0-0 13. Nf3 Qb2 14. b5 Nf5 15. Qf4 Re8 16. Bd3 Qb4+ 17. Nfd2 Qa3 18. Ke2 Nd4+ 19. Ke3 Nf5+ 20. Ke2 Be6 21. Rc3 Qe7 22. Re1 Qh4 23. Qxh4 Nxh4 24. Kf1 Ng6 25. Nd6 Re7 26. Nf3 a6 27. Nd4 axb5 28. cxb5 Rd7 29. Nxe6 fxe6 30. Bxg6 Rxd6 31. Be4 Ra5 32. bxc6 Nxc6 33. Rb1 Ra2 34. Rf3 Ne5 35. Rc3 Nc6 36. Rf3 Ne5 1/2-1/2

[Event "Terrassa op-B"]
[Site "Terrassa"]
[Date "1996.??.??"]
[Round "3"]
[White "Escudero Sebastian, Adam"]
[Black "Martinez Burguera, Alexis"]
[Result "0-1"]
[WhiteElo "2035"]
[BlackElo "1905"]
[PlyCount "60"]
[EventDate "1996.07.??"]
[EventType "swiss"]
[EventRounds "9"]
[EventCountry "ESP"]
[SourceTitle "EXT 2002"]
[Source "ChessBase"]
[SourceDate "2001.11.25"]
[SourceVersion "1"]
[SourceVersionDate "2001.11.25"]
[SourceQuality "1"]

1. e4 e5 2. Nf3 Nc6 3. d4 exd4 4. Nxd4 Qh4 5. Nc3 Bb4 6. Ndb5 Ba5 7. Be2 a6 8. Na3 Bxc3+ 9. bxc3 Qxe4 10. 0-0 Nge7 11. Bg5 Qg6 12. f4 d5 13. c4 Qd6 14. cxd5 Qxd5 15. Qc1 Be6 16. Kh1 0-0 17. c4 Qc5 18. Bxe7 Nxe7 19. Bf3 Rab8 20. Rb1 b6 21. Re1 Nc6 22. Bxc6 Qxc6 23. Rb3 Rbd8 24. Rg3 Rfe8 25. Qc3 g6 26. h4 Qd6 27. h5 Qxf4 28. hxg6 hxg6 29. Rge3 Qf2 30. Nc2 Rd2 0-1